| 000 | 01253cam a22003377a 4500 | ||
|---|---|---|---|
| 003 | CHAP | ||
| 005 | 20220329141952.0 | ||
| 008 | 981026d1994 mx b r 00110 spa d | ||
| 010 | _a76421 | ||
| 011 | _a77393 | ||
| 020 | _a9683637310 | ||
| 035 | _a86999 | ||
| 040 | _cCHAP | ||
| 082 | 0 | 4 |
_a338.97249 _bC4 |
| 100 | 0 | 0 |
_aChávez Galindo, Ana María. _922705 |
| 245 | 1 | 3 |
_aEl combate a la pobreza en Morelos : _baciertos y desaciertos de solidaridad _c/por Ana María Chávez Galindo (y otros) |
| 260 |
_aCuernavaca, Mor. : _bUniversidad Nacional Autónoma de México. Centro Regional de Investigaciones Multidisciplinarias, _c1994. |
||
| 300 |
_a120 p. : _bgráfs. ; mapa ; cuadros ; anexo |
||
| 590 |
_aBATCH-UPD _b10 _c20130110 _lUCH01 _h0007 |
||
| 590 |
_aBATCH-UPD _b10 _c20130110 _lUCH01 _h0615 |
||
| 590 |
_aBATCH-UPD _b10 _c20130409 _lUCH01 _h1943 |
||
| 590 |
_aBATCH-UPD _b10 _c20130410 _lUCH01 _h0257 |
||
| 590 |
_aBATCH-UPD _b10 _c20130914 _lUCH01 _h0927 |
||
| 590 |
_aCONVERSION _b10 _c20130109 _lUCH01 _h1342 |
||
| 650 | 1 | 4 |
_aMorelos _xCondiciones económicas. _978525 |
| 650 | 1 | 4 |
_aPobreza. _989463 |
| 901 | _aBK | ||
| 905 | _aAlejandra Carrasco M. | ||
| 942 | _cLIBRO | ||
| 949 |
_a338.97249 C4 _bBC _cLIBRO _d33724000681276 _eLIBRO _h94195 _i86999 _si |
||
| 999 |
_c76421 _d76421 |
||